| 000 | 00775cab a2200217 4500 | ||
|---|---|---|---|
| 001 | WB3140-29 | ||
| 008 | 090401t1995 xxu||||| |||| 00| 0 eng d | ||
| 035 | _a(Sirsi) u9151 | ||
| 041 | _aeng | ||
| 245 | _aInterim rent application | ||
| 260 | _c1995 | ||
| 350 | _a0 | ||
| 490 |
_aLaw Society`s Gazette _v92(38) 25 October 1995, 25(1) |
||
| 520 | _a"Ladbroke Racing Ltd v Otter Holdings Ltd" Unreported 12 July 1995, Central London County Court. Examines the issue of discontinuance of an interim rent application; and the applicability of County Court Rules Order 18 rule 1. | ||
| 650 | _aDISCONTINUANCE | ||
| 650 | _aINTERIM RENT APPLICATION | ||
| 650 | _aINTERIM RENTS | ||
| 690 | _aLANDLORD AND TENANT-CASE LAW-RENT REVIEWS | ||
| 942 | _n0 | ||
| 948 | _c04/03/1997 | ||
| 999 |
_c5676 _d5676 |
||